| 000 | 00558nam a2200217Ia 4500 | ||
|---|---|---|---|
| 003 | 0100 | ||
| 008 | 130303s9999 xx 000 0 und d | ||
| 020 | _a9780232527391 | ||
| 040 | _cARRUPELIB | ||
| 050 | _aBV639P6 S677 2008 | ||
| 100 | _aSobrino, Jon | ||
| 245 | 4 | _aThe eye of the needle | |
| 245 | _bno salvation outside the poor :a utopian- prophetic essay | ||
| 260 | _aLondaon | ||
| 260 | _bDarton, longman and todd | ||
| 260 | _C2008 | ||
| 300 | _a96p. | ||
| 300 | _b21cm. | ||
| 650 | _bEncyclopedias and dictionaries | ||
| 942 |
_2lcc _03 |
||
| 999 |
_c67054 _d67054 |
||